=LDR 00000nam 2200000 4500 =001 INLIS000000000025145 =005 20130612123657 =008 ***********************************Ind** =035 ##$$0010-061300000025145 =041 ##$$a Ind =082 ##$$a 2X6.4 =090 ##$$a 2X6.4, Mus w =100 ##$$a Musthafa, Ibnu =245 ##$$a Wanita menjelang tahun 2000, Ibnu Musthafa =260 ##$$a 1997 $b Jakarta =300 ##$$a 126 hlm, 21 cm =650 ##$$a Wanita =850 ##$$a NBPNMAT